000 01635nam a22003737a 4500
001 1557
003 FISKH
005 20230906162430.0
008 230906b cb ||||| |||| 00| 0 eng d
020 _a9789387779686 (hardcover)
040 _aDLC
_beng
_cDLC
_erda
_dDLC
_dFISKH
042 _apcc
043 _ae-uk-en
_an-us----
050 0 0 _aPR1309
_b.D4
082 0 0 _a823/.0108351
100 _aDoyle, Arthur Conan
_cSir
_d1859-1930.
_qSir Arthur Ignatius Conan Doyle
245 0 4 _aThe complete novels of Sherlock Holmes /
_cSir Arthur Conan Doyle
264 1 _aNew Delhi :
_bPrakash Books,
_c2023
300 _a632 pages :
_c23 cm
336 _atext
_btxt
_2rdacontent
337 _aunmediated
_bn
_2rdamedia
338 _avolume
_bnc
_2rdacarrier
520 _aIndulge in the complete adventures of the world's greatest detective with The Complete Novel of Sherlock Holmes. This deluxe hardbound edition features: A Study in Scarlet (1887), The Sign of the Four (1890), The Hound of the Baskervilles (1902), and The Valley of Fear (1915), elegantly presented with a durable hardcover, making it a treasured addition to any book lover's collection.
521 8 _a1020
_bLexile
600 1 0 _aHolmes, Sherlock
_vFiction.
600 1 0 _aWatson, John H.
_c(Fictitious character)
_vFiction.
650 0 _aPrivate investigators
_zEngland
_vFiction.
650 0 _aDetective and mystery stories, English.
650 0 _aDetective and mystery stories, American.
655 7 _aMystery fiction.
_2gsafd
906 _a7
_bcbc
_corignew
_d2
_encip
_f20
_gy-gencatlg
942 _2ddc
_cBK
_n0
999 _c1557
_d1557